000 01017nam a22003017a 4500
001 000374
003 DO-SdBNP
005 20171205105606.0
007 000374
008 160707b 1975 sp ||||| |||| 00| 0 spa d
020 _a8422601761
040 _aBPMSU
_bspa
_cBPMSU
092 _a843. 8
_bV531isl
100 1 _aVerne, Jules,
_d1828-1905.
240 1 0 _aL'île mystérieuse.
_lEspañol
245 1 0 _aLa isla misteriosa /
_cJulio Verne ; ilustraciones de Ballestar ; traducción, Genoveva Bernard de Ferrer.
260 _a[Barcelona] :
_bCírculo de Lectores,
_c1975.
300 _a236 p., 2 h. :
_b il. ;
_c21 cm.
501 _aIncluye datos biográficos del autor.
650 4 _aNOVELA FRANCESA
650 4 _aLITERATURA FRANCESA
700 1 2 _aBallestar, Vicente B.,
_d1929-
_eil.
700 1 2 _aBernard de Ferrer, Genoveva,
_dtr.
910 _aValidado. Control de calidad MFF
942 _2ddc
_cBK
945 _a Inventariado extranjero / 2017 VM
956 _2LOPEREZ
_310
_620160707
_8BPMSU
_a00041
999 _c10760
_d10760